00523 2200181 4500001002100000005001500021035002000036008004100056245005900097100002400156260003600180300001300216020002200229084002100251082001100272650003800283990002000321INLIS00000000000003220240921114341 a0010-0824000032240921 0 ind 1 aAgroforestri: Konsep dan Praktek /cRahmanta Setiahadi aSetiahadi, Rahmanta aYogyakarta :bDeepublish,c2021 a96 ;c23 a978-623-02-2699-1 a634.99 SET A C.1 a634.99 4aKombinasi Pertanian dan Kehutanan a230221100000033